Hungary : Selected Issues.

This Selected Issues paper reviews the relationship between real GDP growth and domestic bank lending to the private sector in Hungary after the global financial crisis, It draws on a cross-country analysis of European countries. The recessions that followed the crisis were deeper and lasted longer...

Fuld beskrivelse

Bibliografiske detaljer
Institution som forfatter: International Monetary Fund. European Dept
Format: Tidsskrift
Sprog:English
Udgivet: Washington, D.C. : International Monetary Fund, 2017.
Serier:IMF Staff Country Reports; Country Report ; No. 2017/124
Online adgang:Full text available on IMF
LEADER 01805cas a2200241 a 4500
001 AALejournalIMF017647
008 230101c9999 xx r poo 0 0eng d
020 |c 5.00 USD 
020 |z 9781484300473 
022 |a 1934-7685 
040 |a BD-DhAAL  |c BD-DhAAL 
110 2 |a International Monetary Fund.  |b European Dept. 
245 1 0 |a Hungary :   |b Selected Issues. 
264 1 |a Washington, D.C. :  |b International Monetary Fund,  |c 2017. 
300 |a 1 online resource (46 pages) 
490 1 |a IMF Staff Country Reports 
500 |a <strong>Off-Campus Access:</strong> No User ID or Password Required 
500 |a <strong>On-Campus Access:</strong> No User ID or Password Required 
506 |a Electronic access restricted to authorized BRAC University faculty, staff and students 
520 3 |a This Selected Issues paper reviews the relationship between real GDP growth and domestic bank lending to the private sector in Hungary after the global financial crisis, It draws on a cross-country analysis of European countries. The recessions that followed the crisis were deeper and lasted longer than the average recession. Hungary, like some other countries, experienced a creditless recovery. Although it is difficult to disentangle the causes, this analysis concludes that (1) both credit demand and supply were hurt by the crisis; (2) key factors influencing credit developments include loan quality, deposit funding, and bank capital, as well as the macroeconomic environment; and (3) lending by Hungarian banks to the private sector finally seems to be picking up. 
538 |a Mode of access: Internet 
830 0 |a IMF Staff Country Reports; Country Report ;  |v No. 2017/124 
856 4 0 |z Full text available on IMF  |u http://elibrary.imf.org/view/journals/002/2017/124/002.2017.issue-124-en.xml  |z IMF e-Library